|
|
|
|
| LEADER |
01241nam a2200373 a 4500 |
| 001 |
000455773 |
| 003 |
CZ BrMZK |
| 005 |
20190418151931.0 |
| 007 |
ta |
| 008 |
990315s1999 xr d f cze d |
| 015 |
|
|
|a cnb000784428
|
| 020 |
|
|
|a 80-902473-7-7
|
| 035 |
|
|
|a (OCoLC)44147722
|
| 040 |
|
|
|a BOA001
|b cze
|
| 041 |
1 |
|
|a cze
|a eng
|
| 072 |
|
7 |
|a 811.111
|x Angličtina
|2 Konspekt
|9 11
|
| 080 |
|
|
|a 811.111
|2 MRF
|
| 080 |
|
|
|a 373.5.016
|2 MRF
|
| 080 |
|
|
|a 371.279.5/.6
|2 MRF
|
| 080 |
|
|
|a (035)
|2 MRF
|
| 100 |
1 |
|
|a Veselý, Radek,
|d 1961-
|7 jn20020217004
|4 aut
|
| 245 |
1 |
0 |
|a Maturitní otázky - angličtina :
|b 25 podrobně zpracovaných témat s českým překladem /
|c [Radek Veselý]
|
| 246 |
3 |
3 |
|a Angličtina
|
| 250 |
|
|
|a 1. vyd.
|
| 260 |
|
|
|a Třebíč :
|b R. Veselý,
|c 1999
|
| 300 |
|
|
|a 156 s.
|
| 500 |
|
|
|a Publ. určená maturantům a zájemcům o studium angličtiny
|
| 650 |
0 |
7 |
|a angličtina
|7 ph114056
|2 czenas
|
| 650 |
0 |
7 |
|a učivo středních škol
|7 ph136702
|2 czenas
|
| 650 |
0 |
7 |
|a maturitní otázky
|7 ph136699
|2 czenas
|
| 655 |
|
7 |
|a příručky
|7 fd133209
|2 czenas
|
| 910 |
|
|
|a BOA001
|b 2-1068.654
|
| 990 |
|
|
|a BK
|
| 996 |
6 |
|
|b 2610107871
|c 2-1068.654
|l MZK
|r Sklad / do 1 hodiny
|n 10
|p p.v.
|w 000455773
|u 000010
|a 1
|e BOA001
|j MZK50
|s P
|